000 00436nam a2200169Ia 4500
008 221030s9999 xx 000 0 und d
020 _a8122411566
041 _aEnglish
082 _a105.23
_bXav
100 _aC. Xavier
245 0 _aIntroduction to Computers & Basic Programming
_cby C. Xavier
250 _a2nd
260 _bNew Age International Pub.
_aNew Delhi
_c2001
300 _a681
650 _aBE Computer
942 _cBK
999 _c2034
_d2034